| 000 | 00662cam a2200229 a 4500 | ||
|---|---|---|---|
| 001 | 1423660 | ||
| 005 | 20180309035724.0 | ||
| 008 | 840319s1984 nyua b 001 0 eng | ||
| 010 | _a 84007134 | ||
| 020 |
_a0195035046 : _c$19.95 |
||
| 040 |
_aDLC _cDLC _dDLC _dOCoLC |
||
| 041 | _aeng | ||
| 043 | _an-us--- | ||
| 080 | _a324.70973 KAT | ||
| 082 | 0 | 0 |
_a324.70973 KAT _220 |
| 100 | 1 | _a20 | |
| 101 | _aPOL | ||
| 245 | 1 | 0 |
_aPackaging the presidency : _cKathleen Hall Jamieson. |
| 504 | _aBibliography: p. 472-495. | ||
| 906 |
_a7 _bcbc _corignew _d1 _eocip _f19 _gy-gencatlg |
||
| 942 |
_2ddc _cBK |
||
| 999 |
_c44544 _d44544 |
||